| 000 | 00397cam a2200169 4500 | ||
|---|---|---|---|
| 001 | D12482 | ||
| 008 | 090401t1952 xxu||||| |||| 00| 0 eng d | ||
| 035 | _a(Sirsi) u3752 | ||
| 041 | _aeng | ||
| 110 |
_aCountry Landowners' Association _92816 |
||
| 245 | _aFourth course in estate management | ||
| 260 |
_bCLA _c1952 |
||
| 350 | _a0 | ||
| 520 | _aShelf 114 | ||
| 942 | _n0 | ||
| 948 | _c04/03/1997 | ||
| 999 |
_c85929 _d85929 |
||